000 01430nam2a2200265 i 4500
001 RU\NLR\bibl\2066306
005 20240728042103.0
010 _a9785899191732
_bч. 3
_960
021 _aRU
_b2013-56993
_93940
035 _a(NLR Aleph) 002052787
090 _a4649540
_c4649540
100 _a20130826d2013 k y0rusy50 ca
101 0 _arus
102 _aRU
105 _ay |||||||||
200 0 _aЧ. 3
210 _d2013
215 _a318 c.
320 _aБиблиогр. в подстроч. примеч.
461 0 _1001RU\NLR\bibl\2069759
_12001#$aПроблемы инновационного развития территории: междисциплинарный подход$vЧ. 3
_94664691
_cПермь
_d2012
_f[редкол.: А.М. Елохов (к.э.н., гл. ред.) и др.]
_nРедакционно-издательский отдел Западно-Уральского института экономики и права
_oматериалы Всероссийской с международным участием научно-практической конференции, (Пермь, 25-26 октября 2012 г.)
_tПроблемы инновационного развития территории: междисциплинарный подход
_y9785899191640
_vЧ. 3
801 0 _aRU
_bNLR
_c20130826
_gRCR
801 1 _aRU
_bNLR
_c20130826
942 _cBOOK
980 _aNBR